Größte Städte in Tschechien - Statistiken

Allgemein
  • Dieses Quiz wurde 136 mal gespielt
  • Das Durchschnittsergebnis liegt bei 6 aus 20
Antwortstatistiken
Einwohnerzahl Stadt % Korrekt
1.357.326 Prag
100%
396.101 Brünn
85%
181.240 Pilsen
82%
49.043 Karlsbad
59%
283.504 Ostrau
59%
96.417 Budweis
51%
101.825 Olmütz
43%
107.389 Reichenberg
30%
91.963 Aussig
28%
92.149 Pardubitz
23%
93.506 Königgrätz
20%
74.191 Zlin
13%
52.548 Iglau
11%
63.856 Brüx
8%
55.512 Troppau
7%
68.436 Kladen
4%
50.843 Teplitz-Schönau
3%
54.188 Friedeck-Mistek
2%
70.245 Hawirzow
1%
50.172 Karwin
1%
Keine übereinstimmenden Quizze gefunden
Verteilung der Resultate
Anzahl Personen mit jedem Resultat
Perzentil nach korrekt beantworteten Fragen
Ihre Resultats-Entwicklung
Sie haben dieses Quiz noch nicht gespielt